Estrategias de hoy y para siempre

Detalles Bibliográficos
Formato: eBook
Lenguaje:español
Publicado: [Chile] : Universidad Catl̤ica Andrš Bello, 2011
Materias:
Acceso en línea:Acceso restringido

MARC

LEADER 00000nam a22000007a 4500
005 20111004122341.0
008 111004s2011 cl |||||s|||| 00||0 spa d
020 |a 9789561320260 
035 |a 5894 
040 |a vLex 
090 |c 2606  |d 2606 
245 0 0 |a Estrategias de hoy y para siempre  |h [Recurso electrn̤ico]  
256 |a Servicio en ln̕ea. 
260 |a [Chile] :  |b Universidad Catl̤ica Andrš Bello,  |c 2011 
300 |a 1 recurso electrn̤ico 
506 1 |a Contenido solo disponible en los productos indicados  |d vLex Global  |d vLex Global (Academic Edition, excluding Law Schools)  |d vLex Global (U.S. Academic Edition, Law Schools)  |d vLex Global (U.S. Academic Edition, excluding Law Schools)  |d vLex Global (Academic Edition, Law Schools) 
650 0 4 |a Empresas  |x Direccin̤ y administracin̤ 
740 0 |a vLex Libros (Servicio en ln̕ea) 
856 4 0 |u http://vlex.com/source/5894  |z Acceso restringido 
942 |c BOOK